000 00408nam a2200169Ia 4500
003 GCL
008 140319s9999 xx 000 0 eng d
040 _aGCL /
_cGCL
082 0 4 _a704
_bS F
100 1 _aSAID, HAMED
245 1 0 _aTHE FRIENDS OF ART AND LIFE /
_cSAID, HAMED
260 _a[S.N] :
_bMINST ART SERIES ،
_c1986
650 0 4 _aLIFE
650 0 4 _aARTS
650 0 4 _aCULTURE
942 _2ddc
_cBK
999 _c19056
_d19056